| 000 | 00502cam a22001932a 4500 | ||
|---|---|---|---|
| 001 | 001065 | ||
| 003 | AR-FADEU | ||
| 008 | 311216n1963####xxu####################dd | ||
| 092 |
_a307.76 _bS684s |
||
| 100 | _aSolari, Aldo E. | ||
| 245 | _aSociologĂa rural latinoamericana | ||
| 260 | _aBuenos Aires | ||
| 260 | _bEudeba | ||
| 260 | _c1963 | ||
| 300 | _a92 p | ||
| 440 | _aBibl. de américa, libros del tiempo nuevo | ||
| 650 | _aSOCIOLOGIA RURAL; AMERICA LATINA-SOCIEDAD RURAL | ||
| 942 | _cBDGR | ||
| 999 |
_c6904 _d6904 |
||